[Event "chess.com SpeedChess 2023"]
[Site "chess.com INT"]
[Date "2023.09.20"]
[Round "3.10"]
[White "Nakamura, Hi"]
[Black "Vachier Lagrave, M."]
[Result "1-0"]
[WhiteElo "2780"]
[BlackElo "2727"]
[PlyCount "85"]
[EventDate "2023.09.04"]

1. Nf3 d5 2. b3 c5 3. e3 Nc6 4. Bb5 e6 5. Bxc6+ bxc6 6. Bb2 f6 7. d3 Bd6 8. c4 $146 ({RR} 8. O-O Ne7 9. c4 e5 10. Qc2 O-O 11. Nc3 Bg4 12. Nd2 Be6 13. e4 d4 14. Ne2 Ng6 15. Rfe1 Nh8 16. Ng3 g6 17. Nf3 Nf7 18. Bc1 Qe7 19. Bd2 Kh8 20. a3 Bg4 21. Rab1 Bxf3 22. gxf3 Ng5 {Link,U (2105)-Hornung,H (2130) Bayern 1997 0-1 (83)}) 8... Ne7 9. Nc3 e5 10. Qc2 Be6 11. Na4 Rc8 12. Ba3 Ng6 13. O-O-O Qe7 14. Kb1 f5 15. h4 O-O 16. h5 Nh8 17. h6 g6 18. Rc1 Nf7 19. cxd5 cxd5 20. Bxc5 Bd7 21. Bxd6 Nxd6 22. Nc3 d4 23. exd4 exd4 24. Nxd4 Qf6 25. Nde2 Nb5 26. Qb2 Rfe8 27. Rc2 Nxc3+ 28. Nxc3 Bc6 29. f3 Rcd8 30. Na4 Qxb2+ 31. Nxb2 Bb5 32. Rc7 Re2 33. Rhc1 Rd7 34. Rxd7 Bxd7 35. Rc7 Be6 36. Rg7+ Kh8 37. Re7 Kg8 38. Nc4 Kf8 39. Rxh7 f4 40. Rxa7 Bf5 41. h7 Re1+ 42. Kb2 Rh1 43. Ne5 1-0

[Event "chess.com SpeedChess 2023"]
[Site "chess.com INT"]
[Date "2023.09.20"]
[Round "3.18"]
[White "Nakamura, Hi"]
[Black "Vachier Lagrave, M."]
[Result "1-0"]
[WhiteElo "2780"]
[BlackElo "2727"]
[PlyCount "121"]
[EventDate "2023.09.04"]

1. Nf3 d5 2. b3 Nf6 3. e3 g6 4. Bb2 Bg7 5. c4 O-O 6. d4 c6 ({RR} 6... Ne4 7. cxd5 Qxd5 8. Bc4 Qa5+ 9. Nbd2 Nxd2 10. Qxd2 Qxd2+ 11. Kxd2 c5 12. Rab1 cxd4 13. Nxd4 Bd7 14. Ke2 Nc6 15. Nf3 Bf5 16. Bxg7 Kxg7 17. Rbc1 Rac8 18. a3 Rfd8 19. Rhd1 Rxd1 20. Kxd1 Na5 21. Nd2 {Nakamura,H (2775)-Martinez Ramirez,L (2428) chess.com INT 2023 1-0 (60)}) 7. Bd3 ({RR} 7. Be2 Re8 8. O-O Nbd7 9. Nbd2 Ne4 10. Nxe4 dxe4 11. Ng5 Nf6 12. Qc2 Bf5 13. Rad1 h6 14. Nh3 Bxh3 15. gxh3 Qd7 16. Kg2 Qf5 17. Rg1 h5 18. h4 Bh6 19. Qc3 Ng4 20. Rdf1 Kh7 21. h3 Nf6 {Hildebrandt,P (1679)-Gudmundsson,E (1536) Reykjavik ISL 2024 1-0 (44)}) 7... Bg4 8. Nbd2 $146 ({RR} 8. h3 Bxf3 9. Qxf3 e6 10. Nd2 Nfd7 11. O-O f5 12. Qe2 Re8 13. Nf3 Bf6 14. Rac1 Qe7 15. Rfd1 Qg7 16. Qd2 Nb6 17. Ne5 N8d7 18. f4 Nf8 19. a4 Bxe5 20. dxe5 Qe7 21. a5 dxc4 22. bxc4 Nbd7 {Seppaenen,J-Tuominen,E (1846) Jyvaskyla 2008 1-0 (33)}) 8... Nbd7 9. h3 Bxf3 10. Nxf3 e6 11. Qc2 Qe7 12. O-O Rfc8 13. Rac1 c5 14. cxd5 Nxd5 15. Ba3 Qd8 16. dxc5 Qa5 17. e4 Nf4 18. g3 Nxh3+ 19. Kg2 Nxf2 20. Qxf2 Qxa3 21. Rc4 Rxc5 22. Nd4 Rxc4 23. Qxf7+ Kh8 24. Nxe6 Rg8 25. Qxd7 Rc3 26. Ng5 Rf8 27. Nf7+ Kg8 28. Qd5 Qe7 29. Bc4 Rxc4 30. Nh6+ Kh8 31. Rxf8+ Qxf8 32. Nf7+ Kg8 33. Nd6+ Kh8 34. bxc4 b6 35. e5 h5 36. e6 Bf6 37. Ne4 Be7 38. Qe5+ Kh7 39. Qc7 Kh6 40. Nc3 Qf6 41. Nd5 Qb2+ 42. Kf3 Bc5 43. Qf4+ g5 44. Qf6+ Qxf6+ 45. Nxf6 Kg6 46. Nd5 Bd6 47. g4 h4 48. a4 Bc5 49. Kg2 Bd6 50. Kh3 Bc5 51. Nc3 Kf6 52. Ne4+ Kxe6 53. Nxg5+ Ke5 54. Kxh4 Kd4 55. Ne6+ Kxc4 56. Nxc5 bxc5 57. g5 Kd5 58. Kh5 c4 59. g6 Ke6 60. Kh6 c3 61. g7 1-0

[Event "Dutch League 2023-24"]
[Site "Netherlands NED"]
[Date "2023.09.16"]
[Round "1.1"]
[White "Vrolijk, Liam"]
[Black "Swinkels, R."]
[Result "1-0"]
[WhiteElo "2558"]
[BlackElo "2520"]
[PlyCount "79"]
[EventDate "2023.09.16"]
[WhiteTeam "Kennemer Combinatie"]
[BlackTeam "LSG IntelliMagic"]

1. Nf3 d5 2. g3 Nf6 3. Bg2 c5 4. O-O Nc6 5. d4 e6 6. c4 dxc4 7. Qa4 Bd7 8. Qxc4 b5 9. Qd3 c4 10. Qc2 Rc8 11. a4 ({RR} 11. e4 Be7 12. Qe2 O-O 13. Rd1 Re8 14. Ne5 Qc7 15. Bf4 Bd6 16. Nxd7 Nxd7 17. e5 Bb4 18. a3 Ba5 19. a4 Bb6 20. Be3 bxa4 21. Nc3 Red8 22. Rxa4 Qb8 23. Rxc4 Ne7 24. Rxc8 Rxc8 25. Be4 Nf8 {Gelfand,B (2731)-Bacrot,E (2692) Ashdod 2015 1-0 (49)}) 11... bxa4 ({RR} 11... a6 12. axb5 axb5 13. Bg5 Be7 14. Nc3 Nb4 15. Qd2 Nbd5 16. Ne5 O-O 17. Nxd5 Nxd5 18. Bxe7 Nxe7 19. Ra7 Be8 20. Rfa1 Nc6 21. Nxc6 Bxc6 22. Bxc6 Rxc6 23. e3 Qd6 24. Rb7 Rb6 25. Rxb6 Qxb6 26. Qb4 {Zhang,Z-Liu,H Shanghai CHN 2024 ½-½}) ({RR} 11... a6 12. axb5 axb5 13. Bg5 Be7 14. Nc3 O-O 15. Bxf6 Bxf6 16. Nxb5 Nb4 17. Qd2 Bxb5 18. Qxb4 Bc6 19. e3 Rb8 20. Qc3 Bd5 21. Nd2 Bxg2 22. Kxg2 e5 23. Nf3 exd4 24. exd4 h6 25. Qxc4 Rxb2 26. Rfb1 {Vrolijk,L (2558)-Abdrlauf,E (2523) Barcelona ESP 2023 ½-½ (64)}) 12. Nc3 $146 ({RR} 12. e4 Na5 13. Ra2 Nb3 14. Be3 Be7 15. Ne5 Bb5 16. Nc3 a6 17. Rd1 Nd7 18. Nxd7 Bxd7 19. Nxa4 O-O 20. d5 exd5 21. Nb6 Rb8 22. Rxd5 Rxb6 23. Bxb6 Qxb6 24. Rxd7 Bc5 25. e5 Qe6 26. Rd5 Rc8 {Stojic,D (2219)-Kelly,A (2006) Scarborough, WA AUS 2023 1-0 (41)}) 12... Na5 13. Rxa4 Be7 14. Ne5 Bxa4 15. Qxa4+ Kf8 16. Rd1 Qb6 17. d5 Rd8 18. Be3 Qb4 19. Ra1 exd5 20. Qxa5 Qxa5 21. Rxa5 d4 22. Bxd4 Rxd4 23. Rxa7 Rd8 24. e3 h5 25. Bf1 Ng4 26. Nc6 Re8 27. h3 Nh6 28. Bxc4 Bf6 29. Nb5 Rc8 30. b3 g6 31. Bd5 Kg7 32. e4 Rhf8 33. Nd6 Ra8 34. Rd7 Ra1+ 35. Kg2 Re1 36. b4 g5 37. b5 g4 38. hxg4 Nxg4 39. Bxf7 Kh8 40. Bxh5 1-0

[Event "TCh-POL Ekstraliga 2023"]
[Site "Lublin POL"]
[Date "2023.09.18"]
[Round "1.5"]
[White "Grandelius, N."]
[Black "Leniart, A."]
[Result "1-0"]
[WhiteElo "2681"]
[BlackElo "2503"]
[PlyCount "169"]
[EventDate "2023.09.18"]
[WhiteTeam "VOTUM SA Polonia Wroclaw"]
[BlackTeam "KSz Dwie Wieze Equity Advisors Krakow"]

1. Nf3 d5 2. e3 Nf6 3. c4 e6 4. b3 c5 5. cxd5 exd5 6. Bb5+ Nc6 7. Bb2 Bd6 8. O-O O-O 9. d4 cxd4 10. Nxd4 Bc7 11. Nc3 ({RR} 11. Nd2 Nxd4 12. Bxd4 Qd6 13. g3 Ba5 14. a3 Bh3 15. Re1 Bxd2 16. Qxd2 Ne4 17. Qe2 Rac8 18. Bd3 Bf5 19. b4 Qg6 20. Red1 Ng5 21. f4 Bxd3 22. Qxd3 Nf3+ 23. Kg2 Rc2+ 24. Qxc2 Qxc2+ 25. Kxf3 Rc8 {Nakamura,H (2768)-Firouzja,A (2778) Saint Louis 2022 0-1 (63)}) ({RR} 11. Nf3 Bg4 12. Nbd2 Re8 13. Rc1 Rc8 14. Bxc6 bxc6 15. Qc2 Qd6 16. Qxc6 Qb4 17. Qa6 Bb6 18. Qd3 Rxc1 19. Rxc1 Ne4 20. Nf1 Bxf3 21. gxf3 Ng5 22. Qf5 Qh4 23. Kg2 Ne6 24. Qg4 Qxg4+ 25. fxg4 d4 {Zhou Jianchao (2576)-Sandoval Mercado,C (2394) Princeton, NJ USA 2025 1-0 (50)}) 11... Qd6 12. g3 Bd7 $146 ({RR} 12... Bh3 13. Re1 Bb6 14. Nxc6 bxc6 15. Bf1 Bxf1 16. Rxf1 Rfe8 17. Rc1 {½-½ (17) Johansen,D (2319)-Zhao Zong Yuan (2478) Nerang AUS 2024}) 13. Be2 Nxd4 14. Qxd4 Qe6 15. Na4 Qh3 16. Rac1 Bc6 17. Bf3 Rfe8 18. Bg2 Qh6 19. Qd1 Rad8 20. Bd4 Ba5 21. Nc3 Ne4 22. Nxe4 dxe4 23. Qe2 a6 24. Rfd1 Bb5 25. Qb2 Bb4 26. Bc3 Bxc3 27. Qxc3 Rxd1+ 28. Rxd1 Qc6 29. Qb2 Qc5 30. h4 Bd3 31. Rc1 Qd6 32. Qc3 h5 33. Qc7 Qxc7 34. Rxc7 Re5 35. Bf1 Ra5 36. a4 Rd5 37. Rxb7 Rc5 38. Bxd3 exd3 39. Rd7 Rc3 40. b4 Rb3 41. Rd4 f6 42. Kf1 Kf7 43. Ke1 Ke6 44. Kd2 g6 45. f3 f5 46. Rc4 Kd6 47. g4 hxg4 48. fxg4 Kd5 49. Rd4+ Ke5 50. h5 g5 51. h6 Rb2+ 52. Kxd3 Rh2 53. Rc4 fxg4 54. Rc5+ Kf6 55. Ke4 Rb2 56. Rc6+ Kf7 57. Rc7+ Kg8 58. Rb7 g3 59. Kf5 Rf2+ 60. Kg6 Rf8 61. Rg7+ Kh8 62. Rh7+ Kg8 63. Rc7 Rb8 64. a5 g2 65. Rc1 Kh8 66. e4 Rg8+ 67. Kh5 Re8 68. Rg1 Rxe4 69. Rxg2 Rxb4 70. Rxg5 Rb8 71. Rc5 Rg8 72. Rc6 Rg1 73. Rxa6 Kh7 74. Ra7+ Kh8 75. Rc7 Ra1 76. Rc5 Kh7 77. Kg5 Rg1+ 78. Kf6 Kxh6 79. Ke7 Ra1 80. Rc6+ Kg5 81. a6 Kf5 82. Kd6 Ke4 83. Kc7 Kd5 84. Kb7 Ra2 85. Rb6 1-0

[Event "TCh-POL Ekstraliga 2023"]
[Site "Lublin POL"]
[Date "2023.09.20"]
[Round "3.2"]
[White "Lagarde, Max"]
[Black "Tari, A."]
[Result "1-0"]
[WhiteElo "2607"]
[BlackElo "2635"]
[PlyCount "53"]
[EventDate "2023.09.18"]
[WhiteTeam "WIEZA POMOT PEGOW"]
[BlackTeam "WASKO HETMAN GKS Katowice"]

1. Nf3 Nf6 2. g3 c5 3. Bg2 Nc6 4. O-O d5 5. d4 e6 6. c4 dxc4 7. Na3 cxd4 8. Nxc4 Bc5 9. a3 a5 10. b3 O-O 11. Bb2 Re8 12. Rc1 Ba7 13. b4 axb4 14. axb4 d3 $146 ({RR} 14... Nxb4 15. Nxd4 Bxd4 16. Bxd4 Nc6 17. Bc5 Qxd1 18. Rfxd1 e5 19. Nd6 Rd8 20. Bb6 Rf8 21. Rd2 Ra4 22. Bc5 e4 23. Rb2 Rd8 24. Nxb7 Rc4 25. Ra1 Bxb7 26. Be3 Bc8 27. Ra8 Be6 28. Rxd8+ Nxd8 29. Rb8 {Dubov,D (2710)-Anand,V (2754) Amsterdam NED 2023 0-1 (42)}) 15. b5 Nb4 16. Ra1 Nc2 17. b6 Nxa1 18. Qxa1 dxe2 19. Re1 Qd5 20. Ne3 Qb5 21. bxa7 e5 22. Bxe5 Re6 23. Bb8 Qe8 24. Rxe2 Nd7 25. Nf5 Qf8 26. Rc2 f6 27. Qa2 1-0

[Event "TCh-POL Ekstraliga 2023"]
[Site "Lublin POL"]
[Date "2023.09.22"]
[Round "5.3"]
[White "Lagarde, Max"]
[Black "Leniart, A."]
[Result "1-0"]
[WhiteElo "2607"]
[BlackElo "2503"]
[PlyCount "49"]
[EventDate "2023.09.18"]
[WhiteTeam "WIEZA POMOT PEGOW"]
[BlackTeam "KSz Dwie Wieze Equity Advisors Krakow"]

1. Nf3 d5 2. g3 e6 3. Bg2 Nf6 4. O-O c5 5. c4 d4 6. e3 Nc6 7. d3 Bd6 8. exd4 cxd4 9. Na3 O-O 10. Nc2 e5 11. b4 Re8 12. Re1 a6 13. a4 ({RR} 13. Bg5 Bf5 14. Nh4 Bd7 15. Rb1 h6 16. Bxf6 Qxf6 17. a4 a5 18. b5 Nd8 19. Qf3 Qxf3 20. Nxf3 Rc8 21. Nd2 b6 22. f4 exf4 23. Rxe8+ Bxe8 24. Ne4 Be5 25. Bh3 Rb8 26. gxf4 Bxf4 27. Rf1 Be5 {Stockfish dev-20240728-2343f7 (3662)-LCZero 0.31-dag-5350a2e-BT4-6 (3631) tcec-chess.com INT 2024 ½-½ (56)}) ({RR} 13. Bg5 Bf5 14. Nh4 Bd7 15. Rb1 h6 16. Bxf6 Qxf6 17. a4 g5 18. Nf3 Bf5 19. b5 axb5 20. Rxb5 Qg6 21. Bf1 Rad8 22. Rxb7 Na5 23. Rb2 e4 24. Nfxd4 Be5 25. Rb5 Bxd4 26. Nxd4 Rxd4 27. Rxa5 Red8 {Sun,R (2295)-Bilych,O (2452) Princeton, NJ USA 2025 1-0 (52)}) 13... Nxb4 $146 ({RR} 13... Bf5 14. Rb1 h6 15. c5 Bb8 16. b5 axb5 17. axb5 Ne7 18. Nxe5 Ned5 19. Qf3 Bc8 20. Bf4 g5 21. Nxd4 gxf4 22. gxf4 Ra4 23. Qg3+ Kh7 24. Ndc6 bxc6 25. Nxc6 Rxe1+ 26. Rxe1 Qc7 27. Bxd5 Nxd5 28. Re8 {Vo,T (2359)-Nguyen,V (2407) Tinh Bac Giang 2022 1-0 (39)}) 14. Nxb4 Bxb4 15. Rxe5 Rxe5 16. Nxe5 Qa5 17. Rb1 Nd7 18. Nxf7 Kxf7 19. Bd5+ Ke7 20. Qg4 Kd8 21. Qxg7 Qxa4 22. Bf4 a5 23. Re1 Ra6 24. Qg8+ Bf8 25. Bf7 1-0

[Event "38th ECC Open 2023"]
[Site "Durres ALB"]
[Date "2023.10.02"]
[Round "2.3"]
[White "Keymer, Vincent"]
[Black "Pruijssers, R."]
[Result "1-0"]
[WhiteElo "2717"]
[BlackElo "2540"]
[PlyCount "35"]
[EventDate "2023.10.01"]
[WhiteTeam "Novy Bor"]
[BlackTeam "SV Werder Bremen"]

1. Nf3 d5 2. g3 e6 3. Bg2 Nf6 4. O-O c5 5. c4 d4 6. d3 Nc6 7. e3 Be7 8. exd4 cxd4 9. Re1 ({RR} 9. Na3 O-O 10. Nc2 a5 11. Re1 Qb6 12. Rb1 Nd7 13. b3 e5 14. a3 Re8 15. b4 axb4 16. axb4 f6 17. Bd2 Nf8 18. b5 Nd8 19. Nb4 Bxb4 20. Bxb4 Nde6 21. Nd2 Nc5 22. Bd5+ Nfe6 23. Ne4 Nxe4 {Stanojevic,I (2230)-Pisu,R (2064) Eforie Nord ROU 2025 1-0 (37)}) 9... O-O 10. Na3 Re8 $146 ({RR} 10... Bc5 11. Ne5 Nxe5 12. Rxe5 Nd7 13. Re1 Re8 14. Bd2 Bxa3 15. bxa3 Rb8 16. Qa4 b6 17. Qxa7 Bb7 18. Qa4 Bxg2 19. Kxg2 Ra8 20. Qc2 Rxa3 21. Bb4 Qa8+ 22. Kg1 Ra4 23. a3 Nb8 24. Rab1 Nc6 25. Bd6 {Giri,A (2760)-Praggnanandhaa,R (2661) Miami 2022 ½-½ (34)}) 11. Bf4 Bb4 12. Re2 Bf8 13. Nb5 Nh5 14. Bc7 Qd7 15. Ne5 Nxe5 16. Bxe5 f6 17. Nc7 Rb8 18. Nxe8 1-0

[Event "Levitov Chess Week Rapid"]
[Site "Amsterdam NED"]
[Date "2023.09.26"]
[Round "16.2"]
[White "Gelfand, B."]
[Black "Svidler, P."]
[Result "1-0"]
[WhiteElo "2655"]
[BlackElo "2689"]
[PlyCount "71"]
[EventDate "2023.09.22"]
[EventType "rapid"]

1. Nf3 c5 2. c4 Nc6 3. d4 cxd4 4. Nxd4 Nf6 5. Nc3 Qb6 6. Nb3 e6 7. a3 d5 8. Be3 Qd8 9. cxd5 Nxd5 10. Nxd5 exd5 11. g3 Be7 12. Bg2 Bf6 13. O-O ({RR} 13. Qxd5 Bxb2 14. Ra2 Bc3+ 15. Bd2 Bf6 16. Qxd8+ Nxd8 17. Nc5 Ne6 18. Na6 O-O 19. Bb4 Rd8 20. Rd2 Nd4 21. Nc7 Rb8 22. Nd5 Bf5 23. Rxd4 {1-0 (23) Vidit,S (2731)-Svidler,P (2683) Nagpur IND 2023}) ({RR} 13. Qd2 d4 14. Bxc6+ bxc6 15. Bxd4 Rb8 16. Qe3+ Be6 17. Bxf6 Qxf6 18. Nc5 Rxb2 19. O-O O-O 20. Rab1 Bh3 21. Rxb2 Qxb2 22. Rd1 h6 23. f3 Rb8 24. Kf2 Bf5 25. g4 Bg6 26. Qe7 h5 27. h3 Qc3 {Sengupta,D (2516)-Aronyak,G (2535) Gurugram IND 2024 ½-½ (73)}) 13... O-O $146 ({RR} 13... Bxb2 14. Ra2 Bf6 15. Rd2 O-O 16. Rxd5 Qc7 17. Bf4 Qb6 18. Nc5 Re8 19. Qd3 Rd8 20. Rc1 Rxd5 21. Bxd5 Nd4 22. Be3 Qb2 23. Re1 Nc2 24. Rd1 Nxe3 25. Qxe3 Bg4 26. Bxb7 Qxe2 27. Qxe2 Bxe2 28. Re1 {Can,E (2557)-Kosic,D (2507) Sarajevo 2016 ½-½ (34)}) 14. Qxd5 Bxb2 15. Qxd8 Rxd8 16. Ra2 Be5 17. Nc5 Rb8 18. Rc1 Na5 19. Nd3 Be6 20. Rac2 Bd4 21. Bf4 Nb3 22. Bxb8 Nxc1 23. Bc7 Nxd3 24. Bxd8 Ne1 25. Rd2 Bc3 26. Rd1 Nxg2 27. Kxg2 f6 28. Rd3 Bb2 29. Be7 Kf7 30. Bb4 b6 31. Rd2 Be5 32. Bd6 Ba1 33. Rc2 Bd5+ 34. f3 a6 35. Rc7+ Ke6 36. Bf8 1-0

[Event "AI Cup Div 2 W"]
[Site "chess.com INT"]
[Date "2023.09.27"]
[Round "3.2"]
[White "Fedoseev, Vl3"]
[Black "Sarana, A."]
[Result "1-0"]
[WhiteElo "2683"]
[BlackElo "2693"]
[PlyCount "93"]
[EventDate "2023.09.25"]
[EventType "k.o."]

1. Nf3 d5 2. g3 g6 3. Bg2 Bg7 4. O-O e5 5. d3 Nc6 6. e4 Nge7 7. Nc3 d4 ({RR} 7... dxe4 8. dxe4 Be6 9. Qe2 Nd4 10. Nxd4 exd4 11. Nd5 O-O 12. Bg5 f6 13. Bf4 Rc8 14. Rad1 c5 15. Nxe7+ Qxe7 16. c3 Qf7 17. b3 dxc3 18. Qc2 g5 19. Bd6 Rfd8 20. Qxc3 Rd7 21. e5 Rcd8 22. Rde1 {Praggnanandhaa,R (2684)-Nakamura,H (2768) Kolkata IND 2022 0-1 (41)}) 8. Ne2 ({RR} 8. Nd5 O-O 9. c4 dxc3 10. Nxc3 Bg4 11. h3 Bxf3 12. Qxf3 Nd4 13. Qd1 Qd7 14. Be3 Rad8 15. Nd5 Nxd5 16. exd5 Nf5 17. Bc5 Rfe8 18. Qb3 b6 19. Be3 Nxe3 20. fxe3 e4 21. dxe4 Be5 22. Rf3 Qe7 {Henriquez Villagra,C (2607)-Sarana,A (2688) Samarkand UZB 2023 0-1 (99)}) 8... a5 $146 ({RR} 8... f6 9. Nd2 Be6 10. f4 Qd7 11. Nf3 h6 12. Bd2 g5 13. f5 Bf7 14. b4 h5 15. b5 Nd8 16. Nxe5 fxe5 17. f6 Bh6 18. fxe7 Qxe7 19. a4 h4 20. Qb1 g4 21. Bxh6 Rxh6 22. Qe1 Ne6 23. Qf2 {Jovanovic,L (1691)-Szakmary,D (2199) Petrovac MNE 2025 ½-½ (71)}) 9. c3 dxc3 10. bxc3 O-O 11. d4 exd4 12. cxd4 Bg4 13. Be3 Nc8 14. h3 Bd7 15. Rc1 Nd6 16. d5 Nb4 17. a3 Na6 18. e5 Nf5 19. Bf4 Bb5 20. Re1 Ne7 21. Nc3 Be8 22. d6 cxd6 23. exd6 Nc6 24. Nd5 Bd7 25. Qb3 a4 26. Qxb7 Na5 27. Ne7+ Kh8 28. Qd5 Be6 29. Qd1 Bb3 30. Qd3 Nb7 31. Nd2 Nac5 32. Qe3 g5 33. Be5 Bxe5 34. Qxe5+ f6 35. Qd4 Ra6 36. Nc6 Qb6 37. Re7 Bg8 38. d7 Nb3 39. Nxb3 axb3 40. Qb2 Raa8 41. Re8 Kg7 42. Rce1 Nd6 43. Rxa8 Rxa8 44. Re7+ Bf7 45. Bd5 Rf8 46. Qxb3 Qc5 47. d8=Q 1-0

[Event "AI Cup Div 2 L"]
[Site "chess.com INT"]
[Date "2023.09.26"]
[Round "1.2"]
[White "Eljanov, P."]
[Black "Gledura, B."]
[Result "1-0"]
[WhiteElo "2695"]
[BlackElo "2633"]
[PlyCount "149"]
[EventDate "2023.09.26"]
[EventType "k.o."]

1. Nf3 d5 2. e3 Nf6 3. b3 Bf5 4. Be2 h6 5. Ba3 Nbd7 6. c4 e6 7. Bxf8 Nxf8 8. Nc3 c6 9. O-O N8d7 10. d4 O-O 11. Qc1 Qe7 12. Qb2 a5 13. a3 Bg4 14. h3 Bh5 $146 ({RR} 14... Bxf3 15. Bxf3 Rfd8 16. Rfd1 Nb6 17. Be2 Nc8 18. c5 b5 19. b4 a4 20. f4 Ne4 21. Nxe4 dxe4 22. Kh2 g5 23. Rf1 f5 24. g4 Qf6 25. Qa2 Kh8 26. gxf5 exf5 27. fxg5 hxg5 28. Bg4 Ne7 29. Rxf5 {So,W (2778)-Giri,A (2777) chess24.com INT 2021 0-1}) 15. Rac1 Ne4 16. Rfe1 Nxc3 17. Rxc3 Nf6 18. Ne5 Bxe2 19. Rxe2 Nd7 20. Nd3 Rfd8 21. Rc1 Rac8 22. c5 Re8 23. f4 Rb8 24. Qc3 b6 25. b4 axb4 26. axb4 bxc5 27. bxc5 Nf6 28. Ne5 Qc7 29. Ra1 Ra8 30. Rea2 Qb7 31. Qc2 Rxa2 32. Qxa2 Qb4 33. Nxc6 Qc3 34. Qa3 Qd2 35. Qc1 Qd3 36. Ne5 Qe2 37. Qe1 Qb2 38. Rb1 Qa2 39. c6 Rc8 40. Qc1 Ne4 41. Rb2 Qa3 42. Rc2 Qxc1+ 43. Rxc1 f6 44. Nd3 Kf7 45. Nb4 Nd6 46. Ra1 Rb8 47. Ra7+ Kg6 48. Rd7 Rxb4 49. Rxd6 Kf5 50. Kf2 h5 51. Rd7 g5 52. fxg5 fxg5 53. c7 Rc4 54. Ke2 g4 55. h4 e5 56. Kd3 Ke6 57. Rh7 e4+ 58. Ke2 Rc2+ 59. Kf1 g3 60. Rg7 Kf6 61. Rxg3 Rxc7 62. Rg5 Rc3 63. Kf2 Rc2+ 64. Kg3 Re2 65. Rxd5 Rxe3+ 66. Kf4 Re2 67. g3 Kg6 68. Rg5+ Kh6 69. Re5 Kg6 70. Rg5+ Kh6 71. Re5 Kg6 72. Rxe4 Rf2+ 73. Ke3 Rf1 74. Re5 Rg1 75. Rg5+ 1-0

[Event "AI Cup Div 2 L"]
[Site "chess.com INT"]
[Date "2023.09.28"]
[Round "4.2"]
[White "Kuzubov, Y."]
[Black "Sarana, A."]
[Result "1-0"]
[WhiteElo "2625"]
[BlackElo "2693"]
[PlyCount "175"]
[EventDate "2023.09.26"]
[EventType "k.o."]

1. Nf3 d5 2. g3 g6 3. c4 c6 4. Qa4 Nd7 5. cxd5 cxd5 6. Nc3 Ngf6 7. d4 Bg7 8. Bg2 O-O 9. O-O Nb6 ({RR} 9... b6 10. Bf4 Bb7 11. Rfc1 a6 12. Ne5 e6 13. Qb3 Rc8 14. e3 Qe7 15. Bg5 Qd6 16. Bxf6 Nxf6 17. Na4 Rxc1+ 18. Rxc1 b5 19. Nc5 Rc8 20. Rc3 Qb6 21. a4 Bf8 22. Ned3 Bc6 23. Bf1 Rb8 24. Ne5 {Kramnik,V (2777)-Carlsen,M (2850) Berlin 2015 ½-½ (51)}) 10. Qb3 Bf5 ({RR} 10... Ne4 11. Ne5 Nxc3 12. bxc3 Be6 13. a4 Qc7 14. a5 Nd7 15. Nd3 Rac8 16. Bd2 b6 17. Bxd5 Bh3 18. Rfc1 bxa5 19. Nf4 Bf5 20. e4 Bg4 21. h3 Bf3 22. e5 Bxd5 23. Nxd5 Qd8 24. Bg5 Re8 25. Qb7 {Van Wely,L (2607)-Hauchamps,M (2266) Helmond NED 2024 1-0}) 11. Bf4 Ne4 12. Rac1 $146 ({RR} 12. Rfc1 Rc8 13. Nb5 a6 14. Bc7 Qd7 15. Bxb6 Qxb5 16. Qxb5 axb5 17. Ne5 Rxc1+ 18. Rxc1 Rc8 19. Rxc8+ Bxc8 20. e3 Be6 21. Ba5 Bxe5 22. dxe5 Nc5 23. Bf1 Bd7 24. f3 Kf8 25. Bb6 Ne6 26. Kf2 Ke8 {Korpa,B (2497)-Pisu,R (2261) Arad 2017 ½-½ (73)}) 12... Nd6 13. Nxd5 Nxd5 14. Qxd5 Be6 15. Qc5 Bxa2 16. Nd2 Be6 17. e3 Qd7 18. Bxd6 exd6 19. Qc7 Qb5 20. Qxb7 Rab8 21. Qxa7 Rfd8 22. b3 Qd3 23. Qa2 Rdc8 24. Rfe1 h5 25. Bf1 Qf5 26. Nc4 Rd8 27. Qc2 Qxc2 28. Rxc2 Rxb3 29. Nd2 Rb6 30. Rec1 Bf6 31. h4 Rdb8 32. Bg2 Kf8 33. Bf3 Be7 34. Kg2 Bf5 35. Be4 Be6 36. Nf3 Rb5 37. Ng1 g5 38. hxg5 Bxg5 39. Nf3 Be7 40. Rh1 Kg7 41. Nh4 Kf6 42. Bf3 Rh8 43. Rd1 Kg7 44. d5 Bc8 45. Rdc1 Rb8 46. Rc4 Bd7 47. Re4 Bf6 48. Rc7 Rbd8 49. Rb4 Kf8 50. Rbb7 Bxh4 51. gxh4 Be8 52. Kg3 Ra8 53. Rb4 Rh6 54. Be4 Rf6 55. f3 Kg7 56. Rb2 Kf8 57. Rbc2 Kg7 58. Rc8 Rxc8 59. Rxc8 Bb5 60. Rb8 Ba4 61. Kf2 Bd7 62. Rd8 Bb5 63. f4 Bc4 64. Kg3 Bb3 65. f5 Bd1 66. Kf4 Rh6 67. Kg5 f6+ 68. Kf4 Rh8 69. Rd7+ Kf8 70. Rxd6 Ke7 71. Re6+ Kf7 72. Rb6 Ra8 73. d6 Ra4 74. d7 Ke7 75. d8=Q+ Kxd8 76. Rd6+ Ke7 77. Rxd1 Ra2 78. Bf3 Ra4+ 79. e4 Ra8 80. Bxh5 Rh8 81. Bg4 Rxh4 82. Ra1 Rh2 83. Ra7+ Kf8 84. e5 Rf2+ 85. Kg3 Rb2 86. e6 Kg8 87. e7 Rb8 88. Bh5 1-0

[Event "AI Cup Div 3 W"]
[Site "chess.com INT"]
[Date "2023.09.26"]
[Round "3.3"]
[White "Alekseev, Evgeny"]
[Black "Tomashevsky, E."]
[Result "1-0"]
[WhiteElo "2573"]
[BlackElo "2694"]
[PlyCount "135"]
[EventDate "2023.09.25"]
[EventType "k.o."]

1. Nf3 d5 2. e3 Nf6 3. c4 e6 4. Nc3 Be7 5. b3 O-O 6. Bb2 c5 7. cxd5 exd5 8. d4 Nc6 9. Bb5 Bg4 10. Bxc6 bxc6 11. dxc5 ({RR} 11. h3 Bh5 12. Ne2 cxd4 13. Nfxd4 Bb4+ 14. Kf1 Rc8 15. Rc1 Qd7 16. g4 Bg6 17. Ng3 Rfe8 18. Ndf5 Bf8 19. Kg2 Ne4 20. Nxe4 Rxe4 21. Ng3 Ree8 22. Qf3 Bd6 23. Rhd1 a6 24. Rd2 Be5 25. Bxe5 Rxe5 {Kukhmazov,A (2469)-Truskavetsky,A (2339) chess.com INT 2025 1-0 (68)}) 11... Bxc5 12. O-O Bd6 $146 ({RR} 12... Bb6 13. Rc1 Rc8 14. Ne2 Ne4 15. Ne5 Bd7 16. Nd4 c5 17. Nxd7 Qxd7 18. Nf3 Rfd8 19. Ne5 Qe6 20. Nd3 Qf5 21. Nf4 d4 22. Qh5 Qxh5 23. Nxh5 g6 24. Nf4 dxe3 25. fxe3 Rd2 26. Ba1 c4 27. Rfe1 {Hamitevici,V (2436)-Carlstedt,J (2414) chess.com INT 2024 0-1 (39)}) 13. Ne2 Ne4 14. Ne5 Bxe5 15. Bxe5 Re8 16. Bb2 Qg5 17. Qe1 Bxe2 18. Qxe2 Re6 19. Rac1 Rae8 20. Bd4 Qh4 21. f3 Nd6 22. Bxa7 Nf5 23. Qf2 Qh5 24. Rfe1 Nh4 25. Kh1 Rh6 26. Bd4 Qg6 27. e4 dxe4 28. Rxe4 Rxe4 29. fxe4 Qd6 30. Be3 Rh5 31. g4 Re5 32. Qxh4 Qd3 33. Bf2 h5 34. Re1 Rxe4 35. Qg3 Rxe1+ 36. Bxe1 Qf1+ 37. Qg1 Qe2 38. h3 hxg4 39. hxg4 Qxa2 40. Qe3 Qb1 41. Kg2 f6 42. Bg3 Qc2+ 43. Bf2 Qb1 44. Kg3 Kh7 45. Qf3 Kg6 46. Bd4 Qc2 47. Bf2 c5 48. Qe3 c4 49. b4 c3 50. b5 Qb3 51. b6 Qb4 52. Qd3+ Kf7 53. Qd5+ Ke8 54. Qd4 Qb3 55. Qe3+ Kd7 56. Qd3+ Kc6 57. Bd4 Qb4 58. Bxc3 Qxb6 59. Qe4+ Kb5 60. Bd2 Qc6 61. Qd3+ Qc4 62. Qd7+ Qc6 63. Qd3+ Qc4 64. Qe3 Qc5 65. Kf2 Qxe3+ 66. Bxe3 Kc6 67. Kf3 Kd7 68. Kf4 1-0

[Event "AI Cup Div 3 L"]
[Site "chess.com INT"]
[Date "2023.09.26"]
[Round "2.3"]
[White "Kovalev, Vl"]
[Black "Paravyan, D."]
[Result "1-0"]
[WhiteElo "2582"]
[BlackElo "2599"]
[PlyCount "77"]
[EventDate "2023.09.25"]
[EventType "k.o."]

1. Nf3 d5 2. g3 Nf6 3. Bg2 e6 4. O-O Be7 5. d3 O-O 6. Nbd2 Nc6 7. e4 dxe4 8. dxe4 e5 9. Qe2 Be6 10. c3 Nd7 11. Nc4 a5 ({RR} 11... f6 12. Ne3 Nb6 13. Rd1 Qe8 14. Nd5 Qf7 15. Nxc7 Bc4 16. Qc2 Rad8 17. Nd2 Bd3 18. Qb3 Nc4 19. Nxc4 Bxc4 20. Qc2 Rxd1+ 21. Qxd1 Rd8 22. Nd5 f5 23. Nxe7+ Qxe7 24. Qe1 f4 25. gxf4 Qf7 26. b3 {Aronyak,G (2525)-Subhayan,K (2356) Bengaluru IND 2025 1-0}) 12. Rd1 f6 13. Nh4 g6 14. Ne3 $146 ({RR} 14. Bh6 Re8 15. Ne3 Qc8 16. Nef5 Bf8 17. Qg4 Bf7 18. Bxf8 Kxf8 19. Nh6 Nb6 20. Qf3 Kg7 21. Ng4 Qe6 22. Bh3 Qe7 23. Ne3 Kh8 24. Nd5 Bxd5 25. exd5 Nd8 26. Qe3 Nf7 27. Be6 Nd6 28. b3 Nd7 {Gubajdullin,A (2238)-Zou,C (2449) chess.com INT 2024 0-1 (58)}) 14... Bc5 15. Nd5 Rf7 16. Bf3 Ne7 17. Ne3 Qc8 18. Bg4 Nb6 19. Bxe6 Qxe6 20. Ng4 Kh8 21. Be3 Bxe3 22. Nxe3 Rff8 23. c4 Rad8 24. Nd5 Rd7 25. b3 Rfd8 26. Nxc7 Qc6 27. Nd5 Nbxd5 28. cxd5 Qb6 29. Ng2 Qb4 30. Rac1 Rc8 31. Qg4 Rxc1 32. Rxc1 Rxd5 33. Rc4 f5 34. Qf3 Qd2 35. exd5 Nxd5 36. Ne3 Qe1+ 37. Kg2 e4 38. Rxe4 fxe4 39. Qf8# 1-0